000 01034nas a2200313 4500
001 BR9804642
003 BR-BrBNA
005 20231205101105.0
007 ta
008 230509b bl.|||p| |||| 00| 00por d
040 _aBR-BrBNA
_bpor
_cBiblioteca Nacional de Agricultura
041 _a(Pt)
072 _aL70
100 1 _aAmorim, A. de
100 1 _aBorba, H.R.
100 1 _aRodrigues, M. de L. de A.
100 1 _aAnjos, D.H. da S.
100 1 _aCorrea, D.V.A.
245 1 _aAcao anti-helmintica de plantas; 13: acao de extratos aquosos de Chenopodium ambrosioides L. "in vitro" sobre larvas de primeiro e terceiro estadios de estrongilideos de equino
650 _aEquino
650 _aVeterinaria
650 _aErva de Santa Maria
650 _aExtrato
650 _aAnti-Helmintico
650 _aVerminose
773 0 _tRevista Brasileira de Medicina Veterinaria (Brazil)
_xISSN 0100-2430
_g(Jan-Feb 1998), v. 20(1) p. 14-16
_wBR9804642
909 _a202311
_bLúcia
_c55
_dLúcia Elande
942 _2AGRIS
_n0
_cANA
999 _c159668
_d159668